LIBRARY & INFORMATION CENTRE, KCAET, TAVANUR

ONLINE PUBLIC ACCESS CATALOGUE (OPAC)

International encylopedia of sports and games, Vol.IV / (Record no. 12198)

MARC details
000 -LEADER
fixed length control field 00409cam a2200157ua 4500
003 - CONTROL NUMBER IDENTIFIER
control field OSt
008 - FIXED-LENGTH DATA ELEMENTS--GENERAL INFORMATION
fixed length control field 250222b |||||||| |||| 00| 0 eng d
041 ## - LANGUAGE CODE
Language code of text/sound track or separate title eng
082 ## - DEWEY DECIMAL CLASSIFICATION NUMBER
Classification number 030.79603
Item number ASH/IN
100 ## - MAIN ENTRY--AUTHOR NAME
Personal name Ashokumar, .
245 ## - TITLE STATEMENT
Title International encylopedia of sports and games, Vol.IV /
250 ## - EDITION STATEMENT
Edition statement I /
260 ## - PUBLICATION, DISTRIBUTION, ETC. (IMPRINT)
Place of publication Delhi :
Name of publisher Mittal Publications ,
Year of publication 2000.
300 ## - PHYSICAL DESCRIPTION
Number of Pages 928 ; .
942 ## - ADDED ENTRY ELEMENTS (KOHA)
Koha item type Reference
Holdings
Withdrawn status Lost status Damaged status Home library Current library Date acquired Source of acquisition Cost, normal purchase price Full call number Accession Number Koha item type
      KAUAET KAUAET 22/02/2025 Research Book Centre, New Delhi 2100.00 030.79603 ASH/IN 20597 Reference
free website counter